| 000 | 00543nam a2200193Ia 4500 | ||
|---|---|---|---|
| 003 | OSt | ||
| 005 | 20240926104540.0 | ||
| 008 | 220927b |||||||| |||| 00| 0 eng d | ||
| 020 | _a0030475112 | ||
| 040 |
_aSDCL _cSDCL _beng |
||
| 041 |
_2eng _aeng |
||
| 082 | _aR M1 | ||
| 100 |
_aEngel, S. Morris _9445752 |
||
| 245 | 0 |
_aStudy of philosophy: _b An introduction/ |
|
| 260 |
_aNew York: _b Holt, Rineheart & Winston, _c1981. |
||
| 300 | _axi,340p. | ||
| 942 |
_hR M1 _cTEXL _2CC |
||
| 999 |
_c760651 _d760651 |
||